<?xml version="1.0" encoding="UTF-8"?>
<collection xmlns="http://www.loc.gov/MARC21/slim">
    <record>
        <controlfield tag="001">14257</controlfield>
        <controlfield tag="005">20150325205445.0</controlfield>
        <datafield tag="037" ind1=" " ind2=" ">
            <subfield code="a">TAZ-TFG-2014-468</subfield>
        </datafield>
        <datafield tag="041" ind1=" " ind2=" ">
            <subfield code="a">spa</subfield>
        </datafield>
        <datafield tag="100" ind1="1" ind2=" ">
            <subfield code="a">Villamayor Fortea, Miriam</subfield>
        </datafield>
        <datafield tag="245" ind1="0" ind2="0">
            <subfield code="a">Impacto de la puesta en marcha del proyecto de prevención de la neumonía asociada a la ventilación mecánica "Neumonía Zero" en la Unidad de Cuidados Intensivos del Hospital Obispo Polanco de Teruel</subfield>
        </datafield>
        <datafield tag="260" ind1=" " ind2=" ">
            <subfield code="a">Zaragoza</subfield>
            <subfield code="b">Universidad de Zaragoza</subfield>
            <subfield code="c">2014</subfield>
        </datafield>
        <datafield tag="506" ind1=" " ind2=" ">
            <subfield code="a">by-nc-sa</subfield>
            <subfield code="b">Creative Commons</subfield>
            <subfield code="c">3.0</subfield>
            <subfield code="u">http://creativecommons.org/licenses/by-nc-sa/3.0/</subfield>
        </datafield>
        <datafield tag="520" ind1=" " ind2=" ">
            <subfield code="a">Introducción: la neumonía asociada a la ventilación mecánica (NAV) es la principal infección nosocomial adquirida en las unidades de cuidados intensivos. La morbimortalidad, el aumento de la estancia del paciente y el gasto económico que genera hacen de la NAV un problema de salud importante frente al que es necesario desarrollar estrategias de prevención. Objetivo: analizar si la puesta en marcha de un paquete de medidas de prevención de NAV disminuyó la incidencia de la NAV en la Unidad de Cuidados Intensivos (UCI) del Hospital Obispo Polanco (HOP) de Teruel. Metodología: es un estudio descriptivo sobre la evolución de la densidad de incidencia de la NAV de la UCI del HOP de Teruel desde el año 2006 hasta 2013. Así mismo, se realizó una revisión bibliográfica del paquete de medidas de prevención instaurado en el HOP e incluido en el proyecto Neumonía Zero. Resultados: tras la instauración de un paquete de medidas en el año 2008, la densidad de incidencia de NAV en el HOP de Teruel sufrió un acusado descenso en comparación con años anteriores, logrando una tendencia decreciente hasta el año 2013. Conclusión: la NAV ya no es un problema inevitable sino que es un efecto adverso que se puede prevenir. La aplicación del paquete de medidas incluidas en el proyecto Neumonía Zero, permitió reducir la densidad de incidencia de NAV del HOP y de España desde que se puso en marcha hasta la actualidad. </subfield>
        </datafield>
        <datafield tag="521" ind1=" " ind2=" ">
            <subfield code="a">Graduado en Enfermería</subfield>
        </datafield>
        <datafield tag="540" ind1=" " ind2=" ">
            <subfield code="a">Derechos regulados por licencia Creative Commons</subfield>
        </datafield>
        <datafield tag="653" ind1="1" ind2=" ">
            <subfield code="a">neumonía asociada a la ventilación mecánica</subfield>
        </datafield>
        <datafield tag="653" ind1="1" ind2=" ">
            <subfield code="a">unidad de cuidados intensivos</subfield>
        </datafield>
        <datafield tag="653" ind1="1" ind2=" ">
            <subfield code="a">incidencia de NAV</subfield>
        </datafield>
        <datafield tag="653" ind1="1" ind2=" ">
            <subfield code="a">prevención</subfield>
        </datafield>
        <datafield tag="653" ind1="1" ind2=" ">
            <subfield code="a">paquete de medidas</subfield>
        </datafield>
        <datafield tag="653" ind1="1" ind2=" ">
            <subfield code="a">Neumonía Zero</subfield>
        </datafield>
        <datafield tag="700" ind1=" " ind2=" ">
            <subfield code="a">Montón Dito, José María</subfield>
            <subfield code="e">dir.</subfield>
        </datafield>
        <datafield tag="710" ind1="2" ind2=" ">
            <subfield code="a">Universidad de Zaragoza</subfield>
            <subfield code="b"> </subfield>
            <subfield code="c"></subfield>
        </datafield>
        <datafield tag="856" ind1="0" ind2=" ">
            <subfield code="f">626840@celes.unizar.es</subfield>
        </datafield>
        <datafield tag="856" ind1="4" ind2=" ">
            <subfield code="s">181761</subfield>
            <subfield code="u">http://zaguan.unizar.es/record/14257/files/TAZ-TFG-2014-468.pdf</subfield>
            <subfield code="y">Memoria (spa)</subfield>
        </datafield>
        <datafield tag="909" ind1="C" ind2="O">
            <subfield code="o">oai:zaguan.unizar.es:14257</subfield>
            <subfield code="p">driver</subfield>
            <subfield code="p">trabajos-fin-grado</subfield>
        </datafield>
        <datafield tag="950" ind1=" " ind2=" ">
            <subfield code="a"></subfield>
        </datafield>
        <datafield tag="980" ind1=" " ind2=" ">
            <subfield code="a">TAZ</subfield>
            <subfield code="b">TFG</subfield>
            <subfield code="c">ENFTER</subfield>
        </datafield>
    </record>

    
</collection>